[Event "Rated Blitz game"]
[Site "?"]
[Date "2021.01.19"]
[Round "?"]
[White "FakeBruceLee"]
[Black "Fantastic_power06"]
[Result "0-1"]
[WhiteElo "2602"]
[BlackElo "2589"]
[PlyCount "158"]
[EventDate "2021.??.??"]
[EventType "blitz"]

1. e4 e5 2. Nf3 d5 3. Nc3 dxe4 4. Nxe5 Qd4 5. Nc4 Bc5 6. Ne3 Nf6 7. d3 O-O 8.
Be2 exd3 9. Bxd3 Nc6 10. O-O a6 11. Nf5 Bxf5 12. Bxf5 Qe5 13. Bd3 Bd6 14. g3
Nb4 15. Re1 Qa5 16. Bf1 Rad8 17. Bd2 Bc5 18. a3 Qb6 19. Re2 Nbd5 20. Na4 Qc6
21. Nxc5 Qxc5 22. Bg2 c6 23. Qe1 Qb5 24. b3 Nb6 25. Bc3 Qf5 26. h3 Nbd5 27. Be5
Rfe8 28. c4 Nb6 29. Bc7 Rxe2 30. Qxe2 Re8 31. Qf3 Qxf3 32. Bxf3 Nbd7 33. Rd1
Nc5 34. b4 Ne6 35. Be5 Kf8 36. Bd6+ Kg8 37. h4 Rd8 38. c5 Ne8 39. Kg2 Nxd6 40.
cxd6 Kf8 41. Bg4 Ke8 42. Kf3 g6 43. Bh3 Kd7 44. Ke3 Re8 45. Kf3 Kd8 46. Rd3 f5
47. a4 Ng7 48. g4 Re5 49. g5 Ne6 50. Bf1 Kd7 51. Kg2 Rd5 52. Re3 Kxd6 53. b5 f4
54. Rf3 axb5 55. axb5 cxb5 56. Bd3 Ke5 57. Be2 Nd4 58. Bd1 Nxf3 59. Bxf3 Rd4
60. Bxb7 b4 61. Bf3 b3 62. Bd5 b2 63. Ba2 Rb4 64. Bb1 Rc4 65. h5 Rc1 66. hxg6
hxg6 67. Bxg6 b1=Q 68. Bxb1 Rxb1 69. Kf3 Rb7 70. Kg4 Rg7 71. Kh5 Ke4 72. g6 Rg8
73. Kh6 Kf3 74. g7 Rxg7 75. Kxg7 Kxf2 76. Kg6 Kg3 77. Kf5 f3 78. Ke4 Kg2 79.
Kd3 f2 {Time forfeit} 0-1

[Event "Rated Blitz game"]
[Site "?"]
[Date "2021.01.19"]
[Round "?"]
[White "strvhztklnlqzrthkrtn"]
[Black "Jomajo"]
[Result "1-0"]
[WhiteElo "2577"]
[BlackElo "2622"]
[PlyCount "135"]
[EventDate "2021.??.??"]
[EventType "blitz"]

1. e4 e5 2. Nf3 d5 3. exd5 e4 4. Qe2 Qe7 5. Nc3 exf3 6. Qxe7+ Bxe7 7. gxf3 Nf6
8. Bb5+ Bd7 9. Bc4 Bh3 10. Rg1 g6 11. d3 Nbd7 12. Bf4 Bd8 13. Nb5 Nb6 14. Bxc7
Nfxd5 15. Bd6 a6 16. Nd4 Be7 17. Bxe7 Kxe7 18. O-O-O Nxc4 19. dxc4 Nf4 20.
Rge1+ Be6 21. Re4 g5 22. h4 h6 23. Nf5+ Kf6 24. Nd6 b6 25. b4 Ng6 26. hxg5+
hxg5 27. Red4 Ne5 28. f4 Nc6 29. Ne4+ Ke7 30. Rd6 Rac8 31. fxg5 Nxb4 32. a3 Nc6
33. c5 b5 34. g6 Rhd8 35. Rxd8 Rxd8 36. Rxd8 Nxd8 37. g7 f5 38. Nd6 Kf6 39.
Ne8+ Kf7 40. Nc7 Bc8 41. Ne8 Be6 42. Nc7 Bc4 43. Nxa6 Kxg7 44. Nc7 Kf6 45. Kd2
Ne6 46. Na6 Ke5 47. c6 Kd6 48. Kc3 Kxc6 49. Nb4+ Kc5 50. Na6+ Kb6 51. Nb4 Nc5
52. Kd4 f4 53. Ke5 f3 54. Kf4 Be2 55. Nd5+ Kc6 56. Nc3 Na4 57. Nb1 Kd5 58. Ke3
Kc4 59. Nd2+ Kc3 60. Nxf3 Bxf3 61. Kxf3 Kxc2 62. Ke4 Kb3 63. f4 Kxa3 64. f5
Nc5+ 65. Kd5 Nd7 66. Kd6 Nf6 67. Ke6 Ng4 68. Ke7 {Time forfeit} 1-0

[Event "Rated Rapid tournament iyhS5vLl"]
[Site "?"]
[Date "2021.01.19"]
[Round "?"]
[White "eduardoLcamposjr"]
[Black "ubanan-nazario25"]
[Result "0-1"]
[WhiteElo "2215"]
[BlackElo "2418"]
[PlyCount "38"]
[EventDate "2021.??.??"]
[EventType "rapid"]

1. e4 e5 2. Nf3 d5 3. d4 dxe4 4. Nxe5 Nf6 5. Bc4 Be6 6. Bxe6 fxe6 7. c3 c5 8.
Bg5 cxd4 9. cxd4 Nc6 10. Bxf6 Qxf6 11. Qa4 Rc8 12. Nc3 Bb4 13. Nxc6 Bxc3+ 14.
bxc3 Rxc6 15. Qxa7 O-O 16. Rc1 Qxf2+ 17. Kd1 Qxg2 18. Re1 Qf3+ 19. Kd2 Qd3# {
Normal} 0-1

[Event "Rated Blitz game"]
[Site "?"]
[Date "2021.01.19"]
[Round "?"]
[White "maelru"]
[Black "jflup"]
[Result "1-0"]
[WhiteElo "2375"]
[BlackElo "2436"]
[PlyCount "97"]
[EventDate "2021.??.??"]
[EventType "blitz"]

1. e4 e5 2. Nf3 d5 3. d3 dxe4 4. dxe4 Qxd1+ 5. Kxd1 f6 6. Bc4 Bc5 7. Be3 Bxe3
8. fxe3 Nh6 9. Ke2 Nd7 10. Nc3 c6 11. a4 Nc5 12. b4 Be6 13. Bxe6 Nxe6 14. Rhd1
Ke7 15. a5 Rhd8 16. Rd3 Nf7 17. Nd2 Nd6 18. Nb3 Nc4 19. Rad1 Nb2 20. Rxd8 Rxd8
21. Rxd8 Kxd8 22. h3 Kc7 23. Nb1 b6 24. Na3 Ng5 25. Nd2 bxa5 26. bxa5 Kb7 27.
h4 Ne6 28. Nb3 Ka6 29. Kd2 Na4 30. Nc4 Nac5 31. Nd6 Nxb3+ 32. cxb3 Kxa5 33. Kc3
Kb6 34. Kc4 Kc7 35. Nf5 g6 36. Nh6 Kb6 37. Ng4 Kc7 38. Nxf6 h5 39. g4 hxg4 40.
Nxg4 Kd6 41. Nf2 a5 42. Nd3 Nc7 43. Nc5 Ne6 44. Nb7+ Kc7 45. Nxa5 Kb6 46. b4
Nc5 47. Nxc6 Nxe4 48. Nxe5 Nd2+ 49. Kd3 {Time forfeit} 1-0

[Event "Rated Blitz game"]
[Site "?"]
[Date "2021.01.19"]
[Round "?"]
[White "medinapaz"]
[Black "KinzyabulatovRenat"]
[Result "1-0"]
[WhiteElo "2528"]
[BlackElo "2350"]
[PlyCount "51"]
[EventDate "2021.??.??"]
[EventType "blitz"]

1. e4 e5 2. Nf3 d5 3. Nc3 d4 4. Ne2 Bd6 5. Ng3 c5 6. Bc4 Nc6 7. d3 Na5 8. Bb5+
Bd7 9. Bxd7+ Qxd7 10. O-O Ne7 11. b3 O-O 12. Qe2 Nac6 13. a4 Nb4 14. Ba3 a5 15.
Bxb4 axb4 16. Nd2 b5 17. axb5 Qxb5 18. Nc4 Bc7 19. Nf5 Ng6 20. g3 Rfb8 21. h4
Bd8 22. h5 Ne7 23. Qg4 Nxf5 24. exf5 Bf6 25. Nd6 Ra3 26. Nxb5 {Normal} 1-0

[Event "Rated Blitz game"]
[Site "?"]
[Date "2021.01.19"]
[Round "?"]
[White "fussi"]
[Black "batasjon"]
[Result "1-0"]
[WhiteElo "2401"]
[BlackElo "2379"]
[PlyCount "21"]
[EventDate "2021.??.??"]
[EventType "blitz"]

1. e4 e5 2. Nf3 d5 3. Nxe5 Bd6 4. d4 dxe4 5. Qh5 Be6 6. Nc3 Nf6 7. Qh4 Nbd7 8.
f4 exf3 9. Nxf3 O-O 10. Bd3 Nd5 11. Qxh7# {Normal} 1-0

[Event "Rated Blitz game"]
[Site "?"]
[Date "2021.01.19"]
[Round "?"]
[White "Teamplayer16"]
[Black "Tayota"]
[Result "0-1"]
[WhiteElo "2427"]
[BlackElo "2366"]
[PlyCount "104"]
[EventDate "2021.??.??"]
[EventType "blitz"]

1. e4 e5 2. Nf3 d5 3. d3 dxe4 4. dxe4 Qxd1+ 5. Kxd1 Bg4 6. Bd3 Bc5 7. Ke2 Nc6
8. c3 O-O-O 9. Nbd2 Nge7 10. b4 Bb6 11. a4 a5 12. b5 Nb8 13. Ba3 Ng6 14. g3 Nd7
15. h3 Be6 16. Bc4 Bxc4+ 17. Nxc4 f6 18. Ne3 Nc5 19. Bxc5 Bxc5 20. Nf5 Rhg8 21.
h4 Ne7 22. Nxe7+ Bxe7 23. h5 Bc5 24. Rad1 b6 25. Nh4 Rxd1 26. Rxd1 g6 27. hxg6
hxg6 28. f3 Be7 29. Rg1 Kd7 30. Ng2 Rh8 31. Nh4 Rh6 32. Rd1+ Ke6 33. c4 f5 34.
Rg1 f4 35. Ng2 g5 36. gxf4 gxf4 37. Ne1 Rh2+ 38. Rg2 Rh1 39. Nc2 Rc1 40. Kd2
Rf1 41. Ke2 Rb1 42. Rg6+ Kf7 43. Rc6 Bd6 44. Kd3 Ke7 45. Kc3 Rf1 46. c5 Bxc5
47. Rxc7+ Kd6 48. Rc6+ Kd7 49. Rg6 Rxf3+ 50. Kc4 Rg3 51. Kd5 Rxg6 52. Kxe5 f3 {
Normal} 0-1

[Event "Rated Blitz game"]
[Site "?"]
[Date "2021.01.19"]
[Round "?"]
[White "Rejans"]
[Black "BilboBallgins"]
[Result "0-1"]
[WhiteElo "2401"]
[BlackElo "2357"]
[PlyCount "76"]
[EventDate "2021.??.??"]
[EventType "blitz"]

1. e4 e5 2. Nf3 d5 3. Nxe5 dxe4 4. d4 Nd7 5. Nc4 Ngf6 6. Nc3 Bb4 7. a3 Bxc3+ 8.
bxc3 O-O 9. a4 Nd5 10. Qd2 Re8 11. Ne3 N7f6 12. c4 Nxe3 13. fxe3 Ng4 14. Be2
Qh4+ 15. g3 Qh3 16. Bf1 Qh5 17. h3 Nf6 18. Bg2 Be6 19. g4 Qg5 20. d5 Bd7 21.
Bb2 h5 22. gxh5 Nxh5 23. a5 b5 24. c5 c6 25. dxc6 Bxc6 26. Bd4 Rad8 27. O-O-O
Ng3 28. Rhg1 Rxd4 29. exd4 e3 30. Bxc6 exd2+ 31. Kb2 Re6 32. d5 Re4 33. c3 Rc4
34. Rg2 Qe5 35. Rdxd2 Ne4 36. Rd3 Rxc3 37. Rxc3 Qxc3+ 38. Ka2 Qxa5+ {Normal}
0-1

[Event "Rated Blitz game"]
[Site "?"]
[Date "2021.01.19"]
[Round "?"]
[White "Ristic58"]
[Black "DarthZannah"]
[Result "0-1"]
[WhiteElo "2448"]
[BlackElo "2475"]
[PlyCount "42"]
[EventDate "2021.??.??"]
[EventType "blitz"]

1. e4 e5 2. Nf3 d5 3. Nxe5 dxe4 4. Bc4 Qg5 5. Nxf7 Qxg2 6. Rf1 Bg4 7. Be2 Bxe2
8. Qxe2 Kxf7 9. Qc4+ Ke8 10. Nc3 Nf6 11. Qe6+ Kd8 12. d3 exd3 13. Bf4 Bd6 14.
O-O-O Bxf4+ 15. Kb1 d2 16. Ne2 Bd6 17. Rg1 Qe4 18. Qf7 Qxe2 19. Qxg7 Rf8 20. a3
Nbd7 21. Qg5 Rg8 {Normal} 0-1

[Event "Rated Blitz tournament Mjwb66PK"]
[Site "?"]
[Date "2021.01.19"]
[Round "?"]
[White "Steynic111"]
[Black "khalid_ontawar"]
[Result "1-0"]
[WhiteElo "2429"]
[BlackElo "2267"]
[PlyCount "105"]
[EventDate "2021.??.??"]
[EventType "blitz"]

1. e4 e5 2. Nf3 d5 3. Nxe5 Qe7 4. d4 f6 5. Nd3 dxe4 6. Nf4 Bf5 7. Bc4 Nc6 8.
O-O O-O-O 9. Be3 g5 10. Nd5 Qg7 11. Nbc3 h5 12. b4 h4 13. b5 Na5 14. Be2 Ne7
15. Nxe7+ Bxe7 16. Bg4 Qg6 17. f4 Bxg4 18. Qxg4+ f5 19. Qe2 g4 20. Nb1 Qe6 21.
Nd2 Bb4 22. Rfd1 Bxd2 23. Qxd2 Nc4 24. Qe2 Qd5 25. a4 Rd7 26. a5 Rhd8 27. b6
cxb6 28. axb6 a6 29. c3 Kb8 30. Bf2 Rc8 31. Bxh4 Rd6 32. Rab1 Rdc6 33. Be1 e3
34. Rd3 Re6 35. Rb4 Re4 36. Rd1 Rxf4 37. Bg3 Qe4 38. Rf1 Nd2 39. Bxf4+ Ka8 40.
Qxe3 Qc2 41. Qxd2 Qe4 42. Qe3 Qd5 43. Qe5 Qa2 44. Qc7 Rxc7 45. bxc7 Qg8 46. d5
Qc8 47. d6 b5 48. Rd4 Qd7 49. Re1 Kb7 50. Re7 Qc6 51. c8=Q+ Kxc8 52. d7+ Kd8
53. Re8# {Normal} 1-0

[Event "Rated Blitz game"]
[Site "?"]
[Date "2021.01.19"]
[Round "?"]
[White "Matjaz1966"]
[Black "DarthZannah"]
[Result "1-0"]
[WhiteElo "2393"]
[BlackElo "2491"]
[PlyCount "115"]
[EventDate "2021.??.??"]
[EventType "blitz"]

1. e4 e5 2. Nf3 d5 3. Nxe5 dxe4 4. d4 Nd7 5. Nxd7 Bxd7 6. Nc3 Nf6 7. Bc4 Bd6 8.
O-O h6 9. f3 exf3 10. Qxf3 O-O 11. Qxb7 Ng4 12. Bf4 Bxf4 13. Rxf4 Rb8 14. Qf3
Rxb2 15. Bxf7+ Kh8 16. Bb3 Re8 17. Rf1 Ne3 18. Re1 Nxc2 19. Rxe8+ Bxe8 20. Rf8+
Kh7 21. Qf5+ g6 22. Qe5 Qxd4+ 23. Qxd4 Nxd4 24. Rxe8 Nxb3 25. axb3 Rxb3 26.
Re7+ Kg8 27. Rxc7 a5 28. Ne4 a4 29. Ra7 a3 30. h3 Kf8 31. Nd6 Rb1+ 32. Kh2 Ra1
33. Nb5 a2 34. Nc3 Rc1 35. Nxa2 Ra1 36. Ra6 Kf7 37. Nb4 Rb1 38. Nd5 Rd1 39. Nf4
g5 40. Nh5 Rd2 41. Rxh6 Rf2 42. Ra6 Rb2 43. Rf6+ Ke7 44. Rf5 g4 45. hxg4 Rb4
46. Kh3 Rb3+ 47. g3 Rb1 48. Kh4 Rh1+ 49. Kg5 Rg1 50. Ra5 Kf8 51. Kg6 Rb1 52.
Ra7 Rb6+ 53. Nf6 Rb7 54. Nh7+ Rxh7 55. Rxh7 Kg8 56. Re7 Kf8 57. Re6 Kg8 58.
Re8# {Normal} 1-0

[Event "Rated Blitz game"]
[Site "?"]
[Date "2021.01.19"]
[Round "?"]
[White "Mikasinski"]
[Black "Jomajo"]
[Result "0-1"]
[WhiteElo "2530"]
[BlackElo "2637"]
[PlyCount "82"]
[EventDate "2021.??.??"]
[EventType "blitz"]

1. e4 e5 2. Nf3 d5 3. Nxe5 Bd6 4. d4 dxe4 5. Nc4 Nf6 6. Nc3 O-O 7. Be2 h6 8.
O-O Nc6 9. Be3 Ne7 10. Nxd6 Qxd6 11. Nb5 Qd8 12. c4 c6 13. Nc3 Nf5 14. Qd2 Qe7
15. Rad1 Rd8 16. Qc2 Nxe3 17. fxe3 Bg4 18. Nxe4 Nxe4 19. Bxg4 Re8 20. Rde1 Qb4
21. a3 Qd2 22. Qb3 Rab8 23. Re2 Qa5 24. Bf3 Nd2 25. Qb4 Qxb4 26. axb4 Nxf1 27.
Kxf1 a6 28. Ke1 Re7 29. Kd2 Rbe8 30. Kd3 f5 31. g3 Kf7 32. b3 Kf6 33. Bg2 g5
34. e4 fxe4+ 35. Rxe4 Rxe4 36. Bxe4 Ke6 37. b5 axb5 38. cxb5 Kd6 39. bxc6 bxc6
40. b4 Rb8 41. Kc4 Rf8 {Normal} 0-1

[Event "Rated Blitz game"]
[Site "?"]
[Date "2021.01.19"]
[Round "?"]
[White "piluso1984"]
[Black "zzZJUNDr0Zzz"]
[Result "1-0"]
[WhiteElo "2350"]
[BlackElo "2402"]
[PlyCount "35"]
[EventDate "2021.??.??"]
[EventType "blitz"]

1. e4 e5 2. Nf3 d5 3. Nxe5 dxe4 4. d4 Bd6 5. Nc4 Nc6 6. Nc3 Nf6 7. Bg5 Bf5 8.
Qd2 Bb4 9. Ne3 Nxd4 10. O-O-O c5 11. Nxf5 Nxf5 12. Qf4 Qc8 13. Bxf6 gxf6 14.
Nd5 O-O 15. Qxf5 Qxf5 16. Ne7+ Kh8 17. Nxf5 Rfe8 18. Bc4 {Normal} 1-0

[Event "Rated Blitz game"]
[Site "?"]
[Date "2021.01.19"]
[Round "?"]
[White "renatofrombrazil"]
[Black "Mettigel"]
[Result "0-1"]
[WhiteElo "2246"]
[BlackElo "2414"]
[PlyCount "74"]
[EventDate "2021.??.??"]
[EventType "blitz"]

1. e4 e5 2. Nf3 d5 3. d4 exd4 4. exd5 Qxd5 5. Qxd4 Qxd4 6. Nxd4 Bc5 7. Be3 a6
8. Nc3 Nf6 9. Bd3 O-O 10. O-O Ng4 11. Rae1 Nxe3 12. fxe3 Nd7 13. a3 Ne5 14. b4
Ba7 15. Nd5 c6 16. Ne7+ Kh8 17. Bf5 Bxf5 18. Rxf5 Ng6 19. Nxg6+ fxg6 20. Re5
Rae8 21. Rxe8 Rxe8 22. c3 Kg8 23. Kf2 c5 24. bxc5 Bxc5 25. g4 Bxa3 26. Rb1 b5
27. Nc6 Bc5 28. Re1 Kf7 29. Kf3 Ke6 30. Rd1 Rc8 31. Na5 Bb6 32. Nb7 Ke5 33. Rd7
Rc7 34. Rxc7 Bxc7 35. Nc5 a5 36. e4 a4 37. Ke3 Bb6 {Normal} 0-1

[Event "Rated Blitz game"]
[Site "?"]
[Date "2021.01.19"]
[Round "?"]
[White "Corre_por_tu_vida"]
[Black "Jomajo"]
[Result "1/2-1/2"]
[WhiteElo "2592"]
[BlackElo "2616"]
[PlyCount "135"]
[EventDate "2021.??.??"]
[EventType "blitz"]

1. e4 e5 2. Nf3 d5 3. exd5 e4 4. Qe2 Qe7 5. Nd4 Nf6 6. Nc3 Qe5 7. Nf3 Qe7 8.
Ng5 Bf5 9. Qb5+ Nbd7 10. Qxb7 Rb8 11. Qxc7 h6 12. Bb5 Rd8 13. d6 Qe5 14. Qxd8+
Kxd8 15. Nxf7+ Kc8 16. Nxe5 Nxe5 17. d4 exd3 18. cxd3 Bxd6 19. Be3 Kb7 20. d4
Nd3+ 21. Bxd3 Bxd3 22. O-O-O Bg6 23. d5 Ng4 24. h3 Ne5 25. Bd4 Nd3+ 26. Rxd3
Bxd3 27. Rd1 Bh7 28. Bxa7 Rc8 29. Be3 Be5 30. Kd2 Kc7 31. f4 Bf6 32. g4 Kd7 33.
f5 Bg8 34. Kd3 Bxc3 35. bxc3 Bxd5 36. Bd4 Bg2 37. h4 Bh3 38. Rg1 h5 39. gxh5
Bxf5+ 40. Ke3 Ke6 41. Rxg7 Ra8 42. Ra7 Rb8 43. h6 Rb1 44. h7 Bxh7 45. Rxh7 Kf5
46. Rg7 Re1+ 47. Kd2 Rh1 48. Rg2 Rxh4 49. Re2 Rh1 50. Kd3 Rb1 51. c4 Rb8 52. c5
Ra8 53. Kc4 Ra4+ 54. Kd5 Ra8 55. Rf2+ Kg4 56. c6 Kg3 57. Rf7 Rd8+ 58. Rd7 Rc8
59. c7 Ra8 60. Kc6 Ra5 61. Bb6 Ra6 62. c8=Q Rxa2 63. Qg8+ Kh4 64. Qxa2 Kg5 65.
Rf7 Kg6 66. Qf2 Kg5 67. Qf5+ Kh4 68. Rg7 {Normal} 1/2-1/2

[Event "Rated Blitz game"]
[Site "?"]
[Date "2021.01.19"]
[Round "?"]
[White "Lantori"]
[Black "Schachelite"]
[Result "1-0"]
[WhiteElo "2503"]
[BlackElo "2443"]
[PlyCount "85"]
[EventDate "2021.??.??"]
[EventType "blitz"]

1. e4 e5 2. Nf3 d5 3. exd5 e4 4. Qe2 Nf6 5. d3 Qxd5 6. Nbd2 Be7 7. dxe4 Qe6 8.
Qb5+ Nc6 9. Bc4 Qg4 10. Qg5 Qxg5 11. Nxg5 O-O 12. O-O Ne5 13. Bb3 Bg4 14. h3
Bh5 15. f4 Nc6 16. e5 Nd7 17. e6 Bxg5 18. fxg5 Nc5 19. exf7+ Bxf7 20. Bxf7+
Rxf7 21. Rxf7 Kxf7 22. Nf3 Re8 23. Bf4 Re7 24. Rf1 Ke8 25. Re1 Rxe1+ 26. Nxe1
Kd7 27. Be3 Ne4 28. Kf1 g6 29. Ke2 Ne5 30. Nf3 Nxf3 31. Kxf3 Nd6 32. Kf4 Ke6
33. Bxa7 b6 34. Bb8 Kd7 35. Ke5 Kc8 36. Kf6 Kxb8 37. Kg7 Ne4 38. h4 Ng3 39.
Kxh7 Nf5 40. Kxg6 Nxh4+ 41. Kf7 Nxg2 42. g6 Kb7 43. g7 {Normal} 1-0

[Event "Rated Blitz game"]
[Site "?"]
[Date "2021.01.19"]
[Round "?"]
[White "Mangusty"]
[Black "KinzyabulatovRenat"]
[Result "1-0"]
[WhiteElo "2420"]
[BlackElo "2349"]
[PlyCount "77"]
[EventDate "2021.??.??"]
[EventType "blitz"]

1. e4 e5 2. Nf3 d5 3. exd5 e4 4. Qe2 Nf6 5. d3 Qxd5 6. Nfd2 Nc6 7. Nxe4 Be6 8.
Nbc3 Qd7 9. Nxf6+ gxf6 10. Be3 O-O-O 11. O-O-O Rg8 12. g3 Bb4 13. Ne4 Rg6 14.
Bg2 f5 15. Nc5 Bxc5 16. Bxc5 Nd4 17. Bxd4 Qxd4 18. Kb1 Qa4 19. b3 Qa6 20. c4 f4
21. d4 Bg4 22. Bf3 Bxf3 23. Qxf3 fxg3 24. hxg3 Rf6 25. Qe3 h6 26. Rd2 Kb8 27.
Rh5 Qb6 28. Re5 a6 29. d5 Qb4 30. Kb2 c6 31. a3 Qd6 32. c5 Qd7 33. d6 Ka7 34.
Qc3 Rf5 35. Re7 Qc8 36. Qb4 Rd7 37. Qb6+ Ka8 38. Rde2 Rxe7 39. dxe7 {Normal}
1-0

[Event "Rated Blitz game"]
[Site "?"]
[Date "2021.01.19"]
[Round "?"]
[White "Corre_por_tu_vida"]
[Black "Jomajo"]
[Result "1-0"]
[WhiteElo "2563"]
[BlackElo "2660"]
[PlyCount "25"]
[EventDate "2021.??.??"]
[EventType "blitz"]

1. e4 e5 2. Nf3 d5 3. exd5 e4 4. Qe2 Qe7 5. Nd4 Nf6 6. Nc3 Qe5 7. Nf3 Qe7 8.
Ng5 Bf5 9. Qb5+ Nbd7 10. d6 Qe5 11. dxc7 Qxc7 12. Qxf5 O-O-O 13. Nxf7 {Normal}
1-0

[Event "Rated Blitz game"]
[Site "?"]
[Date "2021.01.19"]
[Round "?"]
[White "MrSuccess"]
[Black "Jomajo"]
[Result "1-0"]
[WhiteElo "2571"]
[BlackElo "2642"]
[PlyCount "117"]
[EventDate "2021.??.??"]
[EventType "blitz"]

1. e4 e5 2. Nf3 d5 3. exd5 e4 4. Qe2 Qe7 5. Nd4 Nf6 6. Nc3 Qe5 7. Nf3 Qe7 8.
Nd4 Qe5 9. Qb5+ Nbd7 10. Nb3 a6 11. Qe2 Bb4 12. a3 Bxc3 13. dxc3 Nxd5 14. c4
Nf4 15. Bxf4 Qxf4 16. g3 Qe5 17. O-O-O O-O 18. Bg2 Nf6 19. f4 Qe7 20. h3 b5 21.
g4 Be6 22. cxb5 axb5 23. Qxb5 Bxb3 24. Qxb3 Rab8 25. Qc4 Rb6 26. g5 Nh5 27.
Bxe4 Rfb8 28. Rhe1 Qf8 29. b4 Nxf4 30. Bxh7+ Kxh7 31. Qxf4 c5 32. Qf5+ Kg8 33.
Qxc5 Qxc5 34. bxc5 Rc6 35. Rd5 Rb5 36. Ree5 f6 37. gxf6 gxf6 38. Re7 Kf8 39.
Ra7 Rb8 40. h4 Rbc8 41. Rh5 Kg8 42. Ra5 Kg7 43. Rd5 Kf7 44. h5 Kg7 45. Kd2 Kf7
46. Kd3 Ke6 47. Kc4 f5 48. c3 f4 49. Rd4 Rf8 50. Kb5 Rcc8 51. Raa4 f3 52. Re4+
Kf5 53. Re1 f2 54. Rf1 Ke5 55. Kc4 Rf4+ 56. Kb3 Rf3 57. Rc4 Rc6 58. a4 Kd5 59.
a5 {Time forfeit} 1-0

[Event "Rated Blitz game"]
[Site "?"]
[Date "2021.01.19"]
[Round "?"]
[White "Bierpower"]
[Black "Schachelite"]
[Result "0-1"]
[WhiteElo "2357"]
[BlackElo "2443"]
[PlyCount "100"]
[EventDate "2021.??.??"]
[EventType "blitz"]

1. e4 e5 2. Nf3 d5 3. exd5 e4 4. Nd4 Qxd5 5. Nb3 Bd6 6. Be2 Qe5 7. d4 exd3 8.
Qxd3 Nf6 9. Nc3 O-O 10. Qe3 Nc6 11. Qxe5 Bxe5 12. Bd2 Nb4 13. O-O-O Bf5 14. Na1
Rfd8 15. a3 Bxc3 16. Bxc3 Na2+ 17. Kb1 Nxc3+ 18. bxc3 Ne4 19. Kb2 b6 20. f3 Nf6
21. Bd3 Be6 22. Nb3 c5 23. Nd2 Kf8 24. Nc4 Bxc4 25. Bxc4 Rxd1 26. Rxd1 Re8 27.
Rd2 Ke7 28. a4 Rd8 29. Re2+ Kf8 30. a5 Ne8 31. axb6 axb6 32. Bd5 Rxd5 33. c4
Rd4 34. Kb3 Nd6 35. c3 Rxc4 36. Rd2 Ke7 37. Rxd6 Kxd6 38. Kxc4 Kc6 39. Kd3 b5
40. f4 Kd5 41. g3 f5 42. h4 h5 43. Kd2 Kc4 44. Kc2 b4 45. cxb4 cxb4 46. Kb2 Kd4
47. Kb3 Ke4 48. Kxb4 Kf3 49. Kc3 Kxg3 50. Kd4 Kxf4 {Normal} 0-1

[Event "Rated Blitz game"]
[Site "?"]
[Date "2021.01.18"]
[Round "?"]
[White "piscatorox"]
[Black "RJF72"]
[Result "1/2-1/2"]
[WhiteElo "2406"]
[BlackElo "2268"]
[PlyCount "125"]
[EventDate "2021.??.??"]
[EventType "blitz"]

1. e4 e5 2. Nf3 d5 3. exd5 Bd6 4. Nc3 Nf6 5. d3 h6 6. h3 O-O 7. Be2 Re8 8. Be3
Bb4 9. Bd2 Nxd5 10. Nxd5 Bxd2+ 11. Nxd2 Qxd5 12. Bf3 Qa5 13. O-O Nc6 14. Re1
Bf5 15. Nc4 Qc5 16. Bxc6 bxc6 17. Qf3 e4 18. Qe3 Qd5 19. Qf4 exd3 20. Ne3 Rxe3
21. fxe3 d2 22. Rf1 Bxc2 23. e4 Qd7 24. Rad1 Bxd1 25. Rxd1 Rd8 26. Qe3 Qd4 27.
Kf2 c5 28. Qxd4 Rxd4 29. Ke3 Kf8 30. Rxd2 Rxd2 31. Kxd2 Ke7 32. Kd3 Kd6 33. Kc4
c6 34. g3 g6 35. a4 Ke5 36. Kxc5 Kxe4 37. Kxc6 f5 38. b4 g5 39. a5 f4 40. gxf4
gxf4 41. b5 f3 42. b6 axb6 43. axb6 f2 44. b7 f1=Q 45. b8=Q Qxh3 46. Qb4+ Kf3
47. Qc3+ Kg4 48. Qg7+ Kh5 49. Qf7+ Kh4 50. Qe7+ Kg3 51. Qg7+ Kh2 52. Qe5+ Qg3
53. Qf6 h5 54. Qf5 Qg4 55. Qf1 Kg3 56. Qg1+ Kf4 57. Qc1+ Kf5 58. Qb1+ Kg5 59.
Qc1+ Qf4 60. Qg1+ Qg4 61. Qc1+ Qf4 62. Qg1+ Qg4 63. Qc1+ {Normal} 1/2-1/2

[Event "Rated Blitz game"]
[Site "?"]
[Date "2021.01.18"]
[Round "?"]
[White "BLITZ16"]
[Black "Dzon_Vejn"]
[Result "1-0"]
[WhiteElo "2332"]
[BlackElo "2472"]
[PlyCount "135"]
[EventDate "2021.??.??"]
[EventType "blitz"]

1. e4 e5 2. Nf3 d5 3. exd5 e4 4. Nd4 Qxd5 5. Nb3 Qe5 6. Nc3 Nc6 7. Bc4 Bd6 8.
Qe2 Nf6 9. d3 Bg4 10. f3 exf3 11. Qxe5+ Nxe5 12. O-O fxg2 13. Kxg2 Nxc4 14.
dxc4 O-O 15. c5 Be5 16. h3 Bh5 17. Nd5 c6 18. Nxf6+ Bxf6 19. c3 Rfe8 20. Bf4
Re2+ 21. Rf2 Rae8 22. Nd4 Rxf2+ 23. Kxf2 Bh4+ 24. Bg3 Bf6 25. Re1 Rxe1 26. Kxe1
Bg6 27. Bb8 a6 28. b4 Kf8 29. Ke2 Ke7 30. Ke3 Kd7 31. a4 h6 32. c4 Bg5+ 33. Kf3
Bh5+ 34. Ke4 Bg6+ 35. Kf3 Bd2 36. b5 Bd3 37. bxa6 bxa6 38. Nb3 Bb4 39. Be5 f6
40. Bd6 Bxc4 41. Nd4 Bd5+ 42. Kf4 g6 43. Bf8 Bd2+ 44. Kg4 Be6+ 45. Nxe6 Kxe6
46. Kf3 h5 47. Ke2 Bb4 48. Kd3 Be1 49. Kc4 Bf2 50. Kb4 Be1+ 51. Kc4 g5 52. Bd6
f5 53. Kd3 Bf2 54. Ke2 Bd4 55. Kf3 Be5 56. Bf8 g4+ 57. Kg2 f4 58. hxg4 f3+ 59.
Kxf3 h4 60. g5 h3 61. g6 Kf6 62. Kg4 h2 63. Kh3 Kxg6 64. Kg4 Kf7 65. Kf3 Kxf8
66. Ke4 Kf7 67. Kxe5 h1=Q 68. Kd6 {Time forfeit} 1-0

[Event "Rated Blitz game"]
[Site "?"]
[Date "2021.01.18"]
[Round "?"]
[White "koromarbel"]
[Black "pasha1984"]
[Result "1-0"]
[WhiteElo "2405"]
[BlackElo "2387"]
[PlyCount "55"]
[EventDate "2021.??.??"]
[EventType "blitz"]

1. e4 e5 2. Nf3 d5 3. exd5 e4 4. Qe2 Nf6 5. d3 Be7 6. dxe4 O-O 7. Nc3 Re8 8.
Be3 Bb4 9. Nd2 Bxc3 10. bxc3 Nxe4 11. Nxe4 Rxe4 12. Qd3 Bf5 13. Qd2 Re5 14. c4
c6 15. dxc6 Nxc6 16. Bd3 Bxd3 17. cxd3 Qd7 18. O-O Rd8 19. Rfd1 Nd4 20. Qb2 b6
21. h3 f5 22. Bxd4 Qxd4 23. Qxd4 Rxd4 24. Rd2 Kf7 25. Kf1 Rc5 26. Ke2 Re5+ 27.
Kd1 Ra5 28. Kc2 {Time forfeit} 1-0

[Event "Rated Blitz tournament 8nq0bYWB"]
[Site "?"]
[Date "2021.01.18"]
[Round "?"]
[White "Zdorovan"]
[Black "ShadovvHorse"]
[Result "0-1"]
[WhiteElo "2414"]
[BlackElo "2210"]
[PlyCount "78"]
[EventDate "2021.??.??"]
[EventType "blitz"]

1. e4 e5 2. Nf3 d5 3. exd5 Qxd5 4. Nc3 Qe6 5. Qe2 Bd6 6. d4 exd4 7. Nxd4 Qxe2+
8. Bxe2 a6 9. Be3 Ne7 10. O-O-O O-O 11. Bf3 Nbc6 12. Ne4 Ne5 13. Nxd6 cxd6 14.
Be2 Bg4 15. f3 Bf5 16. Nxf5 Nxf5 17. Bf4 Rfe8 18. Rhe1 Rac8 19. g4 Nh4 20. Bxe5
Rxe5 21. f4 Re4 22. f5 Rce8 23. Kd2 Ng2 24. h3 Nxe1 25. Rxe1 Re3 26. h4 R8e4
27. h5 d5 28. c3 b5 29. a3 Kf8 30. Kd1 d4 31. cxd4 Rxd4+ 32. Kc2 Rxg4 33. Kd2
Rge4 34. Kd1 Ke7 35. Kd2 Kf6 36. Kd1 Kxf5 37. Kd2 Ke5 38. Kd1 f5 39. Kd2 f4 {
Normal} 0-1

[Event "Rated Blitz game"]
[Site "?"]
[Date "2021.01.18"]
[Round "?"]
[White "MXP"]
[Black "Jomajo"]
[Result "0-1"]
[WhiteElo "2449"]
[BlackElo "2640"]
[PlyCount "78"]
[EventDate "2021.??.??"]
[EventType "blitz"]

1. e4 e5 2. Nf3 d5 3. d4 dxe4 4. Nxe5 Bd6 5. Nc4 Nf6 6. Nc3 O-O 7. Bg5 h6 8.
Bh4 Nc6 9. Be2 Re8 10. Nxd6 Qxd6 11. Nb5 Qd8 12. Bg3 Re7 13. c4 a6 14. Nxc7
Rxc7 15. d5 Nb8 16. Bxc7 Qxc7 17. O-O Qd6 18. Qd2 Nbd7 19. b4 b6 20. Rfd1 Bb7
21. Rac1 Rc8 22. a3 Ne5 23. Qd4 Neg4 24. g3 Ne5 25. Rc3 Nf3+ 26. Bxf3 exf3 27.
Rxf3 b5 28. Rxf6 Qxf6 29. Qxf6 gxf6 30. c5 Rd8 31. d6 Bc6 32. Re1 Re8 33. Rxe8+
Bxe8 34. f4 Bc6 35. Kf2 Kg7 36. Ke3 Kg6 37. g4 f5 38. h3 fxg4 39. hxg4 f5 {
Time forfeit} 0-1